| 000 | 00549nam a2200181Ia 4500 | ||
|---|---|---|---|
| 999 |
_c37111 _d37111 |
||
| 003 | OSt | ||
| 005 | 20210123142448.0 | ||
| 008 | 190216s9999||||xx |||||||||||||| ||und|| | ||
| 020 | _a9789382081999 | ||
| 040 | _coclc | ||
| 082 |
_a332.110954 _bDIS/C |
||
| 100 |
_aDisha Publication _98410 |
||
| 245 | 0 |
_aComprehensive Guide To IBPS - CWE Bank PO / _cDisha Publication |
|
| 260 |
_bDisha Publication, _c2013. _aNew Delhi: |
||
| 300 | _a525p | ||
| 650 | _aReferences | ||
| 942 |
_cREF _2ddc _h332.110954 _iDIS/C _k332.110954 _mDIS/C |
||